[Event "Koge Bugt Basis 1 "]
[Site "Solrod"]
[Date "1999.10.05"]
[Round "7"]
[White "Taskiran, Erol"]
[Black "Rasmussen, Bjorn"]
[Result "0-1"]
[WhiteElo "1599"]
[BlackElo "1672"]
[PlyCount "48"]
[EventDate "1999.??.??"]
[EventType "tourn"]
[EventRounds "7"]
[EventCountry "DEN"]

1. d4 Nf6 2. c4 e5 3. dxe5 Ng4 4. Nf3 Bc5 5. e3 Nc6 6. Be2 Ngxe5 7. Nc3 O-O 8.
O-O a5 9. b3 d6 10. Bb2 Nxf3+ 11. Bxf3 Ne5 12. Be4 c6 13. Qc2 f5 14. Bd3 Qh4
15. Be2 Be6 16. Rad1 Rad8 17. Rd2 f4 18. exf4 Qxf4 19. Bd1 Bf5 20. Qc1 Nd3 21.
Qc2 Nxf2 22. Rfxf2 Bxc2 23. Rxc2 Bxf2+ 24. Kh1 Bd4 0-1